<?xml version="1.0" encoding="UTF-8"?>
<record
    xmlns:xsi="http://www.w3.org/2001/XMLSchema-instance"
    xsi:schemaLocation="http://www.loc.gov/MARC21/slim http://www.loc.gov/standards/marcxml/schema/MARC21slim.xsd"
    xmlns="http://www.loc.gov/MARC21/slim">

  <leader>02665njm a2200457Ia 4500</leader>
  <controlfield tag="001">20758</controlfield>
  <controlfield tag="003">IT-RoPAU</controlfield>
  <controlfield tag="005">20220918181122.0</controlfield>
  <controlfield tag="008">131025s9999    xx            000 0 und d</controlfield>
  <datafield tag="040" ind1=" " ind2=" ">
    <subfield code="a">IT-RoPAU</subfield>
  </datafield>
  <datafield tag="040" ind1=" " ind2=" ">
    <subfield code="c">IT-RoPAU</subfield>
  </datafield>
  <datafield tag="041" ind1=" " ind2=" ">
    <subfield code="a">ITALIANO</subfield>
  </datafield>
  <datafield tag="999" ind1=" " ind2=" ">
    <subfield code="c">99894</subfield>
    <subfield code="d">99894</subfield>
  </datafield>
  <datafield tag="999" ind1=" " ind2=" ">
    <subfield code="b">n.d.</subfield>
  </datafield>
  <datafield tag="100" ind1=" " ind2=" ">
    <subfield code="a">AA.VV.</subfield>
    <subfield code="9">794</subfield>
  </datafield>
  <datafield tag="100" ind1=" " ind2=" ">
    <subfield code="e">Autore musica</subfield>
    <subfield code="9">2978</subfield>
  </datafield>
  <datafield tag="100" ind1=" " ind2=" ">
    <subfield code="g">Codice autore musica SPICS: 12000</subfield>
    <subfield code="9">796</subfield>
  </datafield>
  <datafield tag="245" ind1=" " ind2=" ">
    <subfield code="a">Canzone e il cinema (La)</subfield>
  </datafield>
  <datafield tag="250" ind1=" " ind2=" ">
    <subfield code="a">2a ed.</subfield>
  </datafield>
  <datafield tag="260" ind1=" " ind2=" ">
    <subfield code="a">MILANO</subfield>
  </datafield>
  <datafield tag="260" ind1=" " ind2=" ">
    <subfield code="b">FRATELLI FABBRI EDITORI</subfield>
    <subfield code="c">1982 [1a Ed.:1970]</subfield>
  </datafield>
  <datafield tag="300" ind1=" " ind2=" ">
    <subfield code="a">DISCO</subfield>
  </datafield>
  <datafield tag="300" ind1=" " ind2=" ">
    <subfield code="c">25 minuti (Testo:  pag.)</subfield>
  </datafield>
  <datafield tag="500" ind1=" " ind2=" ">
    <subfield code="a">La canzone italiana. Si comincia a ballare.Lucia, passione, sogno, donna andata via felice, amore, commedia, fama, tradimento, pene, nido d'amore, Mari&#xF9;, lavoro, sogno, eredit&#xE0;, felicit&#xE0;, sogno, passione</subfield>
  </datafield>
  <datafield tag="505" ind1=" " ind2=" ">
    <subfield code="a">La canzone dell'amore [(Bixio/Cherubini-Villa) (4:00)] - Vivere (Bixio-Villa) (3:00)] - La mia canzone al vento [(Bixio/Cherubini-Villa) (2:00)] - La strada nel bosco [(Bixio/Rusconi/Nisa-Villa) (4:00)] - Parlami d'amore Mari&#xF9; [(Bixio/Neri-De Sica V.) (4:00)] - Mille lire al mese [(Innocenzi/Sopranzi-Mazzi) (3:00)] - Amami di pi&#xF9; [(Marf/Mascheroni-N.Bruni) (3:00)] - Macariolita [(Bixio/Cherubini-Bonino) (4:00)]</subfield>
  </datafield>
  <datafield tag="511" ind1=" " ind2=" ">
    <subfield code="a">Villa Claudio</subfield>
  </datafield>
  <datafield tag="511" ind1=" " ind2=" ">
    <subfield code="a">De Sica Vittorio</subfield>
  </datafield>
  <datafield tag="511" ind1=" " ind2=" ">
    <subfield code="a">Mazzi Gilberto</subfield>
  </datafield>
  <datafield tag="511" ind1=" " ind2=" ">
    <subfield code="a">Bruni Norma</subfield>
  </datafield>
  <datafield tag="511" ind1=" " ind2=" ">
    <subfield code="a">Bonino Ernesto</subfield>
  </datafield>
  <datafield tag="650" ind1=" " ind2=" ">
    <subfield code="a">CANZONE ITALIAN [DISCHI]</subfield>
    <subfield code="e">Codice MATERIA SPICS: 9950</subfield>
    <subfield code="9">2979</subfield>
  </datafield>
  <datafield tag="700" ind1=" " ind2=" ">
    <subfield code="a">Cherubini Bixio</subfield>
    <subfield code="d">Codice autore musica SPICS: 13442</subfield>
    <subfield code="e">Autore musica</subfield>
    <subfield code="p">La canzone dell'amore - La mia canzone al vento - Macariolita</subfield>
    <subfield code="9">2980</subfield>
  </datafield>
  <datafield tag="700" ind1=" " ind2=" ">
    <subfield code="a">Bixio Cesare Andrea</subfield>
    <subfield code="d">Codice autore testo/musica SPICS: 13441</subfield>
    <subfield code="e">Autore testo/musica</subfield>
    <subfield code="p">La canzone dell'amore - Vivere - La mia canzone al vento - La strada nel bosco - Parlami d'amore Mari&#xF9; - Macariolita</subfield>
    <subfield code="9">2981</subfield>
  </datafield>
  <datafield tag="700" ind1=" " ind2=" ">
    <subfield code="a">Nisa (Salerno Nicola)</subfield>
    <subfield code="d">Codice autore musica SPICS: 13452</subfield>
    <subfield code="e">Autore musica</subfield>
    <subfield code="p">La strada nel bosco</subfield>
    <subfield code="9">2982</subfield>
  </datafield>
  <datafield tag="700" ind1=" " ind2=" ">
    <subfield code="a">Rusconi Ermenegildo</subfield>
    <subfield code="d">Codice autore SPICS: 22482</subfield>
    <subfield code="e">Autore</subfield>
    <subfield code="p">La strada nel bosco</subfield>
    <subfield code="9">2983</subfield>
  </datafield>
  <datafield tag="700" ind1=" " ind2=" ">
    <subfield code="a">Neri Ennio</subfield>
    <subfield code="d">Codice autore musica SPICS: 13457</subfield>
    <subfield code="e">Autore musica</subfield>
    <subfield code="p">Parlami d'amore Mari&#xF9;</subfield>
    <subfield code="9">2984</subfield>
  </datafield>
  <datafield tag="700" ind1=" " ind2=" ">
    <subfield code="a">Innocenzi Carlo</subfield>
    <subfield code="d">Codice autore testo/musica SPICS: 13493</subfield>
    <subfield code="e">Autore testo/musica</subfield>
    <subfield code="p">Mille lire al mese</subfield>
    <subfield code="9">2985</subfield>
  </datafield>
  <datafield tag="700" ind1=" " ind2=" ">
    <subfield code="a">Sopranzi Alessandro</subfield>
    <subfield code="d">Codice autore musica SPICS: 13494</subfield>
    <subfield code="e">Autore musica</subfield>
    <subfield code="p">Mille lire al mese</subfield>
    <subfield code="9">2986</subfield>
  </datafield>
  <datafield tag="700" ind1=" " ind2=" ">
    <subfield code="a">Mascheroni Vittorio</subfield>
    <subfield code="d">Codice autore musica SPICS: 13134</subfield>
    <subfield code="e">Autore musica</subfield>
    <subfield code="p">Amami di pi&#xF9;</subfield>
    <subfield code="9">2987</subfield>
  </datafield>
  <datafield tag="700" ind1=" " ind2=" ">
    <subfield code="a">Marf (Bonavita Mario)</subfield>
    <subfield code="d">Codice autore testo/musica SPICS: 13496</subfield>
    <subfield code="e">Autore testo/musica</subfield>
    <subfield code="p">Amami di pi&#xF9; </subfield>
    <subfield code="9">2988</subfield>
  </datafield>
  <datafield tag="942" ind1=" " ind2=" ">
    <subfield code="c">MD</subfield>
    <subfield code="2">ddc</subfield>
  </datafield>
  <datafield tag="952" ind1=" " ind2=" ">
    <subfield code="0">0</subfield>
    <subfield code="1">0</subfield>
    <subfield code="4">0</subfield>
    <subfield code="6">20758_000000000000000</subfield>
    <subfield code="7">1</subfield>
    <subfield code="a">SPICS</subfield>
    <subfield code="b">SPICS</subfield>
    <subfield code="d">2013-10-25</subfield>
    <subfield code="l">0</subfield>
    <subfield code="o">20758</subfield>
    <subfield code="r">2013-10-25 00:00:00</subfield>
    <subfield code="w">2013-10-25</subfield>
    <subfield code="y">MD</subfield>
    <subfield code="z">Progr. Ins.: 4061 / N.Vol.: 1 / Copie: 1 - Copia rara: n.d. / date import: 01.01.2014 - By Epidotti, Trombetti, Vaglietti</subfield>
  </datafield>
</record>
